Conformity and conflict : (Record no. 22029)
[ view plain ]
| 000 -LEADER | |
|---|---|
| fixed length control field | 00885nam a22002657a 4500 |
| 001 - CONTROL NUMBER | |
| control field | 14825407 |
| 003 - CONTROL NUMBER IDENTIFIER | |
| control field | OSt |
| 005 - DATE AND TIME OF LATEST TRANSACTION | |
| control field | 20210929022124.0 |
| 008 - FIXED-LENGTH DATA ELEMENTS--GENERAL INFORMATION | |
| fixed length control field | 170206b xxu||||| |||| 00| 0 eng d |
| 010 ## - LIBRARY OF CONGRESS CONTROL NUMBER | |
| LC control number | 2007017868 |
| 020 ## - INTERNATIONAL STANDARD BOOK NUMBER | |
| International Standard Book Number | 9780205541294 (pbk.) |
| 020 ## - INTERNATIONAL STANDARD BOOK NUMBER | |
| International Standard Book Number | 0205541291 (pbk.) |
| 040 ## - CATALOGING SOURCE | |
| Original cataloging agency | MMU |
| Transcribing agency | MMU |
| Modifying agency | MMU |
| Language of cataloging | eng |
| 050 00 - LIBRARY OF CONGRESS CALL NUMBER | |
| Classification number | GN316 |
| Item number | .C65 2008 |
| 245 00 - TITLE STATEMENT | |
| Title | Conformity and conflict : |
| Remainder of title | readings to accompany Miller, Cultural anthropology, 4e / |
| Statement of responsibility, etc. | [edited by] James Spradley, David W. McCurdy. |
| 250 ## - EDITION STATEMENT | |
| Edition statement | Special ed. |
| 260 ## - PUBLICATION, DISTRIBUTION, ETC. (IMPRINT) | |
| Place of publication, distribution, etc. | Boston : |
| Name of publisher, distributor, etc. | Pearson/Allyn and Bacon, |
| Date of publication, distribution, etc. | c2008. |
| 300 ## - PHYSICAL DESCRIPTION | |
| Extent | xi, 174 p. : |
| Other physical details | map ; |
| Dimensions | 24 cm. |
| 500 ## - GENERAL NOTE | |
| General note | Includes bibliographical references and index. |
| 650 #0 - SUBJECT ADDED ENTRY--TOPICAL TERM | |
| Topical term or geographic name as entry element | Ethnology. |
| 700 1# - ADDED ENTRY--PERSONAL NAME | |
| Personal name | Spradley, James P. |
| 700 1# - ADDED ENTRY--PERSONAL NAME | |
| Personal name | McCurdy, David W. |
| 700 1# - ADDED ENTRY--PERSONAL NAME | |
| Personal name | Miller, Barbara D., |
| Dates associated with a name | 1948- |
| Title of a work | Cultural anthropology. |
| Date of a work | 2006. |
| 942 ## - ADDED ENTRY ELEMENTS (KOHA) | |
| Source of classification or shelving scheme | Library of Congress Classification |
| Koha item type | L |
| Withdrawn status | Lost status | Source of classification or shelving scheme | Damaged status | Not for loan | Home library | Current library | Date acquired | Source of acquisition | Total Checkouts | Full call number | Barcode | Date last seen | Price effective from | Koha item type |
|---|---|---|---|---|---|---|---|---|---|---|---|---|---|---|
| Library of Congress Classification | Maasai Mara University Library -Main Campus | Maasai Mara University Library -Main Campus | 02/06/2017 | Donation -T4C | GN316 .C65 2008 | 17021988 | 02/06/2017 | 02/06/2017 | L |